000 00967nam a22003137a 4500
003 CHAP
005 20220817042415.0
008 971013s1962 r 00010 d
010 _a43752
011 _a44724
035 _a48862
040 _cCHAP
090 _aFolleto 4632y
100 0 0 _aFundación Shell.
_944013
245 1 _aMaíz
260 _aCagua, Venezuela :
_b(s.e.),
_c1962
300 _a54 p.
_b: ilus.
490 _aServicio Shell para el agricultor. Serie A
_v; 14
590 _aBATCH-UPD
_b10
_c20130110
_lUCH01
_h1125
590 _aBATCH-UPD
_b10
_c20130410
_lUCH01
_h0715
590 _aBATCH-UPD
_b10
_c20130914
_lUCH01
_h1544
590 _aCONVERSION
_b10
_c20130109
_lUCH01
_h1324
650 1 4 _aMaíz.
_970848
830 0 _aServicio Shell para el agricultor. Serie A
_v; 14
901 _aBK
942 _cFOLL
949 _aFolleto 4632y
_bBC
_cFOLL
_d-110439
_eTS1
_i48862
_mD
_si
949 _aFolleto 4632y
_bBC
_cFOLL
_d-110440
_eTS2
_fc.2
_i48862
_mD
_si
999 _c43752
_d43752